<?xml version="1.0" encoding="UTF-8"?>
<record
    xmlns:xsi="http://www.w3.org/2001/XMLSchema-instance"
    xsi:schemaLocation="http://www.loc.gov/MARC21/slim http://www.loc.gov/standards/marcxml/schema/MARC21slim.xsd"
    xmlns="http://www.loc.gov/MARC21/slim">

  <leader>02461cgm a22004097a 4500</leader>
  <controlfield tag="001">12623121</controlfield>
  <controlfield tag="005">20240227093613.0</controlfield>
  <controlfield tag="007">vf|c|ahu|</controlfield>
  <controlfield tag="008">011217s1990    xxu042 e          vceng d</controlfield>
  <datafield tag="010" ind1=" " ind2=" ">
    <subfield code="a">  2001646818</subfield>
  </datafield>
  <datafield tag="035" ind1=" " ind2=" ">
    <subfield code="a">(OCoLC)ocm42497092</subfield>
  </datafield>
  <datafield tag="040" ind1=" " ind2=" ">
    <subfield code="a">WaMaS</subfield>
    <subfield code="c">OEM</subfield>
    <subfield code="d">DLC</subfield>
    <subfield code="e">amim</subfield>
    <subfield code="d">DLC</subfield>
  </datafield>
  <datafield tag="042" ind1=" " ind2=" ">
    <subfield code="a">lccopycat</subfield>
  </datafield>
  <datafield tag="050" ind1="0" ind2="0">
    <subfield code="a">VAD 9887 (viewing copy)</subfield>
  </datafield>
  <datafield tag="082" ind1=" " ind2=" ">
    <subfield code="a">910.222</subfield>
    <subfield code="2">22</subfield>
    <subfield code="b">PLA</subfield>
  </datafield>
  <datafield tag="245" ind1="0" ind2="0">
    <subfield code="a">Blue Planet</subfield>
    <subfield code="h">[videorecording] /</subfield>
    <subfield code="c">produced by Graeme Ferguson ; written, edited and narrated by Toni Myers; principal director Ben Burtt; Lockheed Corporation., United States. National Aeronautics and Space Administration. and National Air and Space Museum.</subfield>
  </datafield>
  <datafield tag="260" ind1=" " ind2=" ">
    <subfield code="a">Burbank, CA : </subfield>
    <subfield code="b">Warner Home Video, [2001]</subfield>
    <subfield code="c">[2001]</subfield>
  </datafield>
  <datafield tag="300" ind1=" " ind2=" ">
    <subfield code="a">1 videodisc (ca. 41 min.) :</subfield>
    <subfield code="b">sd., col. ;</subfield>
    <subfield code="c">4 3/4 in.</subfield>
  </datafield>
  <datafield tag="500" ind1=" " ind2=" ">
    <subfield code="a"> 	Title from videodisc. Originally released as an IMAX motion picture in 1990. "A presentation of the Smithsonian Institution's National Air and Space Museum and Lockheed Corporation in association with the National Aeronautics and Space Admnistration"--Container.</subfield>
  </datafield>
  <datafield tag="500" ind1=" " ind2=" ">
    <subfield code="a">Languages : English, Spanish, French, German, Dutch with subtitles English, French, Greek, Hungarian. </subfield>
  </datafield>
  <datafield tag="508" ind1=" " ind2=" ">
    <subfield code="a">Filmed in space by the astronauts ; Associate producer Phyllis Ferguson ; Music by Micky Erbe and Maribeth Solomon.   </subfield>
  </datafield>
  <datafield tag="520" ind1=" " ind2=" ">
    <subfield code="a">View Earth from space. Orbiting 200 miles above Earth's surface, see familiar landforms: the majestic Himalayas, giant Namib desert sand dunes, jewel-like Caribbean islands. From this unique vantage point see how natural forces - volcanoes, earthquakes and hurricanes - affect our planet, and how a powerful new force - mankind, has begun to alter the face of Earth.</subfield>
  </datafield>
  <datafield tag="538" ind1=" " ind2=" ">
    <subfield code="a">DVD, region 1, full screen (1.33:1) presentation; Dolby Digital 5.1 surround.; Filmed in 70MM IMAX format.</subfield>
  </datafield>
  <datafield tag="546" ind1=" " ind2=" ">
    <subfield code="a">nglish, with optional French soundtrack; optional          subtitles in English, French, Spanish and Portugese. Closed captioned.   </subfield>
  </datafield>
  <datafield tag="650" ind1=" " ind2="0">
    <subfield code="a">Ecology.</subfield>
    <subfield code="9">11195</subfield>
  </datafield>
  <datafield tag="651" ind1=" " ind2="0">
    <subfield code="a">Earth</subfield>
    <subfield code="9">14151</subfield>
  </datafield>
  <datafield tag="655" ind1=" " ind2="7">
    <subfield code="a">Documentary films</subfield>
  </datafield>
  <datafield tag="655" ind1=" " ind2="7">
    <subfield code="a">Science films</subfield>
  </datafield>
  <datafield tag="700" ind1=" " ind2=" ">
    <subfield code="9">14148</subfield>
    <subfield code="a">Myers, Toni</subfield>
  </datafield>
  <datafield tag="700" ind1=" " ind2=" ">
    <subfield code="9">14149</subfield>
    <subfield code="a">Ferguson, Graeme</subfield>
  </datafield>
  <datafield tag="710" ind1="2" ind2=" ">
    <subfield code="a">United States</subfield>
    <subfield code="9">14147</subfield>
    <subfield code="b">National Aeronautics and Space Administration</subfield>
  </datafield>
  <datafield tag="942" ind1=" " ind2=" ">
    <subfield code="2">ddc</subfield>
    <subfield code="c">CDVDMOV</subfield>
    <subfield code="h">RDA-MOD</subfield>
  </datafield>
  <datafield tag="999" ind1=" " ind2=" ">
    <subfield code="c">10302</subfield>
    <subfield code="d">10302</subfield>
  </datafield>
  <datafield tag="336" ind1=" " ind2=" ">
    <subfield code="2">rdacontent</subfield>
    <subfield code="a">text</subfield>
    <subfield code="b">txt</subfield>
  </datafield>
  <datafield tag="337" ind1=" " ind2=" ">
    <subfield code="a">unmediated</subfield>
    <subfield code="2">rdamedia</subfield>
    <subfield code="b">n</subfield>
  </datafield>
  <datafield tag="338" ind1=" " ind2=" ">
    <subfield code="a">volume</subfield>
    <subfield code="b">nc</subfield>
    <subfield code="2">rdacarrier</subfield>
  </datafield>
  <datafield tag="952" ind1=" " ind2=" ">
    <subfield code="0">0</subfield>
    <subfield code="1">0</subfield>
    <subfield code="2">ddc</subfield>
    <subfield code="4">0</subfield>
    <subfield code="7">0</subfield>
    <subfield code="a">MAIN</subfield>
    <subfield code="b">MAIN</subfield>
    <subfield code="c">2ND</subfield>
    <subfield code="d">2008-11-17</subfield>
    <subfield code="e">Purchase</subfield>
    <subfield code="l">4</subfield>
    <subfield code="o">910.222 PLA</subfield>
    <subfield code="p">000014241</subfield>
    <subfield code="r">2022-08-24 00:00:00</subfield>
    <subfield code="s">2011-10-04</subfield>
    <subfield code="y">CDVDMOV</subfield>
  </datafield>
</record>
